| 000 | 00656cam a2200229u 4500 | ||
|---|---|---|---|
| 999 |
_c7393 _d7393 |
||
| 001 | 7470342 | ||
| 003 | GBCCL | ||
| 005 | 20241126110627.0 | ||
| 008 | 830616s1957 tnu 000 0 eng | ||
| 010 | _a 57023069 | ||
| 040 |
_aDLC _cCarP _dDLC |
||
| 050 | 0 | 0 |
_aHV5060 _b.F84 |
| 082 |
_a261.832292 _bFRE |
||
| 100 | 1 |
_aFreeman, John Davis, _d1884- [from old catalog] _913081 |
|
| 245 | 1 | 0 | _aShadow over America. |
| 260 |
_aNashville, _bConvention Press _c[1957] |
||
| 300 |
_a136 p. _c19 cm. |
||
| 650 | 0 |
_aDrinking of alcoholic beverages. _913082 |
|
| 650 | 0 |
_aTemperance. _92552 |
|
| 906 |
_a0 _bcbc _cpremunv _du _encip _f19 _gy-gencatlg |
||
| 942 |
_2ddc _cBK |
||